Đời mưa gió
Guardado en:
| Autor principal: | |
|---|---|
| Formato: | Libro |
| Lenguaje: | Vietnamese |
| Publicado: |
H.
Văn học
2002
|
| Materias: | |
| Etiquetas: |
Agregar Etiqueta
Sin Etiquetas, Sea el primero en etiquetar este registro!
|
| Thư viện lưu trữ: | Trung tâm Học liệu Lê Vũ Hùng, Trường Đại học Đồng Tháp |
|---|
| LEADER | 00710aam a22002298a 4500 | ||
|---|---|---|---|
| 001 | 00029484 | ||
| 005 | 20171026081022.0 | ||
| 008 | 120821s2002 ||||||viesd | ||
| 020 | |c 8000 | ||
| 041 | 0 | # | |a vie |
| 082 | 1 | 4 | |b Đ462M |a 895.922 33 |
| 100 | 1 | # | |a Khái, Hưng |
| 245 | 1 | 0 | |a Đời mưa gió |c Khái Hưng, Nhất Linh |
| 260 | # | # | |a H. |b Văn học |c 2002 |
| 300 | # | # | |a 241 tr. |c 14 cm. |
| 650 | # | 4 | |a Văn học |v Tác phẩm |z Việt Nam |
| 653 | # | # | |a Tiểu thuyết |
| 653 | # | # | |a Văn học Việt Nam |
| 852 | # | # | |b Kho đọc |j KD.0013872 |
| 852 | # | # | |j KD.0013872 |
| 910 | 0 | # | |d 24/8/2012 |a kchi |
| 980 | # | # | |a Trung tâm Học liệu Lê Vũ Hùng, Trường Đại học Đồng Tháp |